| 000 | 00458cam a2200169 a 4500 | ||
|---|---|---|---|
| 001 | 000001927 | ||
| 005 | 20200929145747.0 | ||
| 008 | 721114s1951 nyu 000 0 eng | ||
| 040 |
_aDO-SdBNP _bspa _cBNPHU |
||
| 082 |
_a178.7 _bB828h |
||
| 100 | 1 |
_aBrean, Herbert _96252 |
|
| 245 | 1 | 0 |
_aHow to stop smoking / _cHerbert Brean. |
| 260 |
_aNew Yor k : _bVanguard, _c1951. |
||
| 300 |
_a96 p. ; _c20 cm. |
||
| 650 | 4 |
_aHábito de fumar _96253 |
|
| 910 | _aEn proceso | ||
| 999 |
_c1793 _d1793 |
||